000 00698nam a2200205Ia 4500
003 GCL
008 140319s9999 xx 000 0 ara d
020 _a4159314977
040 _aGCL /
_cGCL
082 0 4 _a723.3
_bأ م
100 1 _aالسيد محمود البنا
245 1 0 _aالمدن التاريخية :
_bخطط ترميها وصيانتها /
_cالسيد محمود البنا
250 _aالاولى
260 _aالقاهرة :
_bمكتبة زهراء الشرق ،
_c2002
300 _a287 ص ؛
_c25 سم
650 0 4 _aالعمارة الاسلامية
650 0 4 _aالمدن الاسلامية
650 0 4 _aالفن الاسلامى - تاريخ
942 _2ddc
_cBK
999 _c3141
_d3141